Online katalóg knižníc regiónu Turca

Wallace & Gromit. Prekliatie králikolaka (Record no. 21953)

MARC details
000 -LEADER
fixed length control field 01430nam a2200409 a 4500
001 - CONTROL NUMBER
control field 21953
003 - CONTROL NUMBER IDENTIFIER
control field VRT
005 - DATE AND TIME OF LATEST TRANSACTION
control field 20260316113846.0
008 - FIXED-LENGTH DATA ELEMENTS--GENERAL INFORMATION
fixed length control field 060330s2006 xo a b 000 1 slo d
020 ## - INTERNATIONAL STANDARD BOOK NUMBER
International Standard Book Number 8089210821 (viaz.)
035 ## - SYSTEM CONTROL NUMBER
System control number UKB000368894
039 #9 - LEVEL OF BIBLIOGRAPHIC CONTROL AND CODING DETAIL [OBSOLETE]
Level of rules in bibliographic description 202505060903
Level of effort used to assign nonsubject heading access points izakovicm
Level of effort used to assign subject headings 202001291751
Level of effort used to assign classification AUTHORITY
Level of effort used to assign subject headings 200608171131
Level of effort used to assign classification muro
Level of effort used to assign subject headings 200608161307
Level of effort used to assign classification muro
040 ## - CATALOGING SOURCE
Original cataloging agency BA001
Language of cataloging slo
Transcribing agency BA001
Description conventions AACR2
041 1# - LANGUAGE CODE
Language code of text/sound track or separate title slo
Language code of original eng
044 ## - COUNTRY OF PUBLISHING/PRODUCING ENTITY CODE
MARC country code xo
ISO country code SK
072 #7 - SUBJECT CATEGORY CODE
Subject category code 821.111-3
Subject category code subdivision Anglická próza, anglicky písaná
Source konspekt
072 #7 - SUBJECT CATEGORY CODE
Subject category code 821-93
Subject category code subdivision Literatúra pre deti a mládež (beletria)
Source konspekt
080 ## - UNIVERSAL DECIMAL CLASSIFICATION NUMBER
Universal Decimal Classification number 821-93
Edition identifier 1997
080 ## - UNIVERSAL DECIMAL CLASSIFICATION NUMBER
Universal Decimal Classification number 821.111-34
Edition identifier 1997
080 ## - UNIVERSAL DECIMAL CLASSIFICATION NUMBER
Universal Decimal Classification number (0:82-34)
Edition identifier 1997
080 ## - UNIVERSAL DECIMAL CLASSIFICATION NUMBER
Universal Decimal Classification number (081)
Edition identifier 1997
080 ## - UNIVERSAL DECIMAL CLASSIFICATION NUMBER
Universal Decimal Classification number (084.1)
Edition identifier 1997
100 1# - MAIN ENTRY--PERSONAL NAME
Personal name Dakin, Glenn
245 00 - TITLE STATEMENT
Title Wallace & Gromit. Prekliatie králikolaka
Remainder of title [sprievodca k rovnomennému filmu]
Statement of responsibility, etc. napísal Glenn Dakin ; [z anglického originálu preložila Miriam Ghaniová]
250 ## - EDITION STATEMENT
Edition statement 1. vyd
260 ## - PUBLICATION, DISTRIBUTION, ETC.
Place of publication, distribution, etc. Bratislava
Name of publisher, distributor, etc. Fragment
Date of publication, distribution, etc. 2006
300 ## - PHYSICAL DESCRIPTION
Extent 44, [1] s
500 ## - GENERAL NOTE
General note Frontsp. Obr. publ
655 #7 - INDEX TERM--GENRE/FORM
Genre/form data or focus term anglické rozprávky
Source of term UKBPH
655 #7 - INDEX TERM--GENRE/FORM
Genre/form data or focus term publikácie pre deti
Source of term UKBPH
700 1# - ADDED ENTRY--PERSONAL NAME
Personal name Ghaniová, Miriam
Relationship trl
765 0# - ORIGINAL LANGUAGE ENTRY
Title Wallace & Gromit. Curse of the were-rabbit
Main entry heading Dakin, Glenn
910 ## - USER-OPTION DATA (OCLC)
User-option data ukb
942 ## - ADDED ENTRY ELEMENTS (KOHA)
Source of classification or shelving scheme Dewey Decimal Classification
Koha item type Krásna literatúra pre deti
Suppress in OPAC No
949 ## - LOCAL PROCESSING INFORMATION (OCLC)
6 1800304835
a SL.B.28161
b PV.3207-2006
949 ## - LOCAL PROCESSING INFORMATION (OCLC)
6 1800304836
a SK.B.13482
b PV.3208-2006
s 6707:20060904
Holdings
Stav vyradenia Strata Poškodenie Spôsob nadobudnutia Domovská knižnica Aktuálna knižnica Dátum nadobudnutia Total checkouts Čiarový kód exemplára Date last seen Typ exemplára
      Dar Obecná knižnica Turčianska Štiavnička Obecná knižnica Turčianska Štiavnička 16.03.2026   4738000397 16.03.2026 Krásna literatúra pre deti
Projekt je podporený Slovenskou asociáciou knižníc
Prevádzkuje Turčianska knižnica Martin 2026